Online katalóg knižníc regiónu Turca

Beriem si ťa (Record no. 22725)

MARC details
000 -LEADER
fixed length control field 01037nam a2200337 a 4500
001 - CONTROL NUMBER
control field 22725
003 - CONTROL NUMBER IDENTIFIER
control field SK-KTurca
005 - DATE AND TIME OF LATEST TRANSACTION
control field 20260421153948.0
008 - FIXED-LENGTH DATA ELEMENTS--GENERAL INFORMATION
fixed length control field 240313s2005 xo g 000 f slo
015 ## - NATIONAL BIBLIOGRAPHY NUMBER
National bibliography number SNBA2005/04-01589
020 ## - INTERNATIONAL STANDARD BOOK NUMBER
International Standard Book Number 8055109729
Qualifying information (brož.)
035 ## - SYSTEM CONTROL NUMBER
System control number A3BCF05A-1946-478B-B12B-E7EC1897AF68
035 ## - SYSTEM CONTROL NUMBER
System control number urn:nbn:sk:snk-amjdwz
035 ## - SYSTEM CONTROL NUMBER
System control number urn:nbn:sk:snk-am000xx6
040 ## - CATALOGING SOURCE
Original cataloging agency SNK
Language of cataloging slo
Transcribing agency SNK
041 1# - LANGUAGE CODE
Language code of text/sound track or separate title slo
Language code of original eng
-- ENG (UNESCO)
044 ## - COUNTRY OF PUBLISHING/PRODUCING ENTITY CODE
MARC country code xo
072 #7 - SUBJECT CATEGORY CODE
Subject category code 821.111(73)-3
Subject category code subdivision Americká próza
Source konspekt
080 ## - UNIVERSAL DECIMAL CLASSIFICATION NUMBER
Universal Decimal Classification number 821.111 (73)-31
Edition identifier 1997
080 ## - UNIVERSAL DECIMAL CLASSIFICATION NUMBER
Universal Decimal Classification number (0:82-312.5)
Edition identifier 1997
100 1# - MAIN ENTRY--PERSONAL NAME
Personal name Quick, Amanda,
Dates associated with a name 1948-
Relationship aut
240 10 - UNIFORM TITLE
Uniform title With this ring
Language of a work Slovensky
245 10 - TITLE STATEMENT
Title Beriem si ťa
Statement of responsibility, etc. Amanda Quicková; [z anglického originálu preložila Erika Hažírová]
250 ## - EDITION STATEMENT
Edition statement [1. vyd.]
260 ## - PUBLICATION, DISTRIBUTION, ETC.
Place of publication, distribution, etc. Bratislava
Name of publisher, distributor, etc. Ikar
Date of publication, distribution, etc. 2005
300 ## - PHYSICAL DESCRIPTION
Extent 319 s.
Dimensions 18 cm
655 #7 - INDEX TERM--GENRE/FORM
Genre/form data or focus term americké romány
Source of term SNKPH
655 #7 - INDEX TERM--GENRE/FORM
Genre/form data or focus term ľúbostné romány
Source of term SNKPH
700 1# - ADDED ENTRY--PERSONAL NAME
Personal name Hažírová, Erika
Relationship trl
942 ## - ADDED ENTRY ELEMENTS (KOHA)
Source of classification or shelving scheme Dewey Decimal Classification
Koha item type Krásna literatúra pre dospelých
Suppress in OPAC No
Holdings
Stav vyradenia Strata Poškodenie Spôsob nadobudnutia Domovská knižnica Aktuálna knižnica Dátum nadobudnutia Total checkouts Čiarový kód exemplára Date last seen Typ exemplára
      Dar Obecná knižnica Horná Štubňa Obecná knižnica Horná Štubňa 21.04.2026   9788055109725 21.04.2026 Krásna literatúra pre dospelých
Projekt je podporený Slovenskou asociáciou knižníc
Prevádzkuje Turčianska knižnica Martin 2026